000
00322nam a2200133Ia 4500
005
20251222143204.0
008
251222s9999||||xx |||||||||||||| ||spa||
082
_a
761.2/F39
100
_a
Fernández, José Abel
245
0
_a
Grabadores en el Perú:
250
_a
1ra.ed.
264
_b
Didi de Arteta S.A.
942
_c
LIB
999
_c
13198
_d
13198